A Szén- és Acélközösség története Európában

Miután a hat alapító tagállam (Franciaország, az NSZK, Benelux-államok, Olaszország) 1951. április 18-án megkötötte a párizsi szerződést, a következő év július 25-én pedig működni kezdett az első szupranacionális integrációs szervezet, az Európai Szén- és Acélközösség (Montánunió), az lett a legfont...

Teljes leírás

Elmentve itt :
Bibliográfiai részletek
Szerző: Ferwagner Péter Ákos
Dokumentumtípus: Vegyes gyűjtemény
Megjelent: 2019-05-29
Kulcsszavak:Integrációtörténet
nemzetközi kapcsolatok
egyetemes történelem
Tárgyszavak:
Online Access:http://eta.bibl.u-szeged.hu/2083
LEADER 02865noc a2200361 i 4500
001 eta2083
005 20260305141627.0
008 190607s2019 hu o 000 hun d
040 |a SZTE Elektronikus Tananyag Archívum  |b hun 
041 |a hun 
100 1 |a Ferwagner Péter Ákos 
245 1 2 |a A Szén- és Acélközösség története Európában  |h [elektronikus dokumentum] /  |c  Ferwagner Péter Ákos 
246 1 0 |a History of the European Coal and Steel Community  |h [elektronikus dokumentum] 
260 |c 2019-05-29 
520 3 |a Miután a hat alapító tagállam (Franciaország, az NSZK, Benelux-államok, Olaszország) 1951. április 18-án megkötötte a párizsi szerződést, a következő év július 25-én pedig működni kezdett az első szupranacionális integrációs szervezet, az Európai Szén- és Acélközösség (Montánunió), az lett a legfontosabb kérdés, hogy sikeres lesz-e az új típusú együttműködés. A siker vagy sikertelenség kérdése ugyanis meghatározta az integrációs folyamat egész jövőjét: kudarc esetén az egységesülés akár végleg lekerülhetett volna a napirendről. A siker ellenben megnyithatta az utat a továbblépés, az integráció elmélyítése előtt. Emellett új kezdeményezés is született, a közös európai hadsereg terve (Európai Védelmi Közösség), amely azonban végül elbukott. Az NSZK katonai integrációja azonban ennek ellenére is megvalósult. A szilárd alapokra építve a tagállamok hozzáláttak az együttműködésük jelentős kiszélesítéséhez, ami új, látványos eredményekhez vezetett. 
650 4 |a Társadalomtudományok 
650 4 |a Közgazdasági és gazdálkodástudományok 
650 4 |a Közgazdaság, ökonometria 
650 4 |a Közösségi gazdaságtan 
650 4 |a Bölcsészettudományok 
650 4 |a Történettudomány és régészet 
650 4 |a Történettudomány 
650 4 |a Újkori és jelenkori történelem 
695 |a Integrációtörténet 
695 |a nemzetközi kapcsolatok 
695 |a egyetemes történelem 
856 4 0 |u https://eta.bibl.u-szeged.hu/2083/1/A%20Sz%C3%A9n-%20%C3%A9s%20Ac%C3%A9lk%C3%B6z%C3%B6ss%C3%A9g%20t%C3%B6rt%C3%A9nete%20Eur%C3%B3p%C3%A1ban.pdf  |z Dokumentum-elérés  
856 4 0 |u https://eta.bibl.u-szeged.hu/2083/14/5_lecke_5_reszosszefoglalas.mp4  |z Dokumentum-elérés  
856 4 0 |u https://eta.bibl.u-szeged.hu/2083/3/5.%20lecke%2C%205.%20ellen%C5%91rz%C5%91%20feladatok.htm  |z Dokumentum-elérés  
856 4 0 |u https://eta.bibl.u-szeged.hu/2083/4/A%20Mont%C3%A1nuni%C3%B3%20els%C5%91%20%C3%A9vei.htm  |z Dokumentum-elérés  
856 4 0 |u https://eta.bibl.u-szeged.hu/2083/5/A%20Pleven-terv.htm  |z Dokumentum-elérés  
856 4 0 |u https://eta.bibl.u-szeged.hu/2083/15/felirat.vtt  |z Dokumentum-elérés  
856 4 0 |u https://eta.bibl.u-szeged.hu/2083/16/felirat.html  |z Dokumentum-elérés